Apuntes de algebra Lineal

Bibliographic Details
Main Author: Solar González, Eduardo
Format: Section = Libro
Language:Undetermined
Spanish
Published: México Limusa 2004
Subjects:
LEADER 00614nam a2200217Ia 4500
008 240829s9999 xx 000 0 und d
020 |a 968-18-5365-2 
040 |a BIBLIOTECA-RUPAP 512.5 S684 
041 |a spa 
082 |a 512.5 S684 
100 1 |a Solar González, Eduardo 
245 1 0 |a Apuntes de algebra Lineal 
260 |a México  |b Limusa  |c 2004 
300 |a 866 p. :il. 
650 7 |a ALGEBRA LINEAL 
650 7 |b  METODOS GAUSS 
650 7 |c  SISTEMAS DE ECUACIONES LINEALE 
650 7 |d  ESPACIOS VECTORIALES. I. Speziale de Guzman, Leda, coaut. II. Tít. 
942 |c BK  |2 ddc 
991 |a TEXTO 
999 |c 7959